000 00277nam a22001217a 4500
008 170407b xxu||||| |||| 00| 0 eng d
041 _aeng
080 _a616
100 _a9
101 _aSHM
245 _aBORDERLINE CONDITIONS AND PATHOLOGICAL
_cKEMBERG.O
942 _2udc
_cBK
999 _c10231
_d10231